Великая отечественная (Запис номер 397339)
[ съкратено ]
| 000 -Лидер | |
|---|---|
| Контролно поле с фиксирана дължина | nam a22 a 4500 |
| 003 - Код на организацията, давaща контролен номер | |
| Контролно поле | BLK |
| 005 - Дата и час на последна редакция | |
| Контролно поле | 20210205155132.0 |
| 008 - Елементи от данни с фиксирана дължина | |
| fixed length control field | 210205b bu ||||| |||| 00| 0 bu d |
| 040 ## - Източник на каталожния запис | |
| Идентификатор на билиотеката - собственик на записа | BLK |
| 041 ## - Код за език | |
| Код за езика на текст/звукозапис или на отделно заглавие | Руски |
| Код за езика КДБФ | Руски |
| 080 ## - УДК | |
| Текстов определител УДК | История на Съюза на съветските социалистически републики (СССР), 1917-1991) |
| УДК код - определител по УДК | 94(47+57) |
| УДК - код + определител | 94(47+57) |
| 139 ## - Редно поле | |
| Редна дума | Великая Отечественная |
| Авторски знак | Вели - В 39 |
| 245 ## - Сведения за заглавието | |
| Заглавие | Великая отечественная |
| Подзаглавни данни | Краткая иллюстрированная история войны для юношества |
| 257 ## - Страна на издаване | |
| Страна на създаване/издаване | Русия |
| 260 ## - Област на издателските данни | |
| 9 (RLIN) | 210525 |
| Място на издаване, разпространение и проч. | Москва |
| Име на издателя, разпространителя и проч. | Молодая гвардия |
| Година на издаване | 1975 |
| Издателство - префикс ISBN | 5- |
| 300 ## - Физическа характеристика | |
| Страници | 576 с. |
| Илюстрации и др. | с ил. |
| Размери/Мащаб | 27 с. |
| 380 ## - Жанр | |
| Жанр | История |
| 650 #0 - Допълнително описание по предмет – тема | |
| 9 (RLIN) | 254920 |
| Основно описание – тема или топоним | Велика Отечествена война - СССР |
| 653 #7 - Ключова дума – ненормативна | |
| 9 (RLIN) | 183026 |
| Ключова дума | Велика отечествена война |
| 852 ## - Местоположение | |
| Форматна сигнатура | Цб ІІ 5022 |
| Фондова буква | Основен фонд - ползва се само за читалня |
| 999 ## - СИСТЕМНИ КОНТРОЛНИ НОМЕРА | |
| Koha biblionumber | 397339 |
| Koha biblioitemnumber | 397339 |
| 942 ## - АРТИКУЛИ | |
| Вид на библиотечния материал | Книги |
| Скрит в OPAC | Не |
| Периодичен библиозапис | Да |
| 944 ## - СЪЗДАВАНЕ И РЕДАКЦИЯ на ЗАПИСА | |
| Създаване/Редакция | Създаване |
| Дата на регистрацията/редакция | 2021-02-05 |
| Служител, извършил регистрацията/редакцията | Христина Везирева |
| Код за отписване | Код за изгубен артикул | Източник на класификационната схема | Код за повреда | Коз за рестрикции | Код за отдаване | Артикулен № | Име на библиотеката - собственик | Име на библиотеката, в която се намира в момента | Статус (Текущо местоположение) | Дата на вписване в системата | Местоположение - отдел | Цена в лева | Инвентарен номер | Систематично азбучна сигнатура | Баркод | Цена в евро | Служебен тип на артикула |
|---|---|---|---|---|---|---|---|---|---|---|---|---|---|---|---|---|---|
| Не е изгубен | Universal Decimal Classification | Не е повреден | само за читалня | ползва се в читалня | 810977 | Регионална библиотека "Любен Каравелов" Русе | Регионална библиотека "Любен Каравелов" Русе | Хранилище | 2021-02-08 | Основен фонд - ползва се само за читалня | 3.69 | 227629 | Цб ІІ 5022 | 120000227629 | 1.89 | Книги |